Ant Man And The Wasp Characters Quiz - Statistics

General Stats
  • This quiz has been taken 269 times
  • The average score is 11 of 19
Answer Stats
Hint Answer % Correct
Has a malfunctioning suit Ant Man
97%
Has wings and blasters Wasp
95%
Above’s real name Scott Lang
94%
Goes into the Quantum Realm Hank Pym
89%
Above’s real name Hope Van Dyne
85%
Walks through walls Ghost
82%
Scott’s daughter Cassie Lang
77%
Lost in the Quantum Realm Janet Van Dyne
76%
Above’s real name Ava Starr
70%
Head of the Ex-Cons Luis
54%
FBI Agent Jimmy Woo
48%
Police officer Jim Paxton
42%
Worked with Hank Bill Foster
38%
Scott’s ex-wife Maggie Lang
38%
Black market technology dealer Sonny Burch
33%
Member of the Ex-Cons Kurt
31%
Member of the Ex-Cons Dave
28%
Ava’s father Elihas Starr
22%
Creates truth serum Uzman
9%
No matching quizzes found
Score Distribution
Percent of People with Each Score
Percentile by Number Answered
Your Score History
You have not taken this quiz